000 00692nmm a2200217 a 4500
003 AR-X00000XY
005 20251128211926.0
008 207020s[199 ||||||||||||||000 | spa||
020 _a987-97931-0-2
040 _cAR-X00000XY
245 1 0 _aMalvinas Argentinas
_bun Partido que está haciendo historia
260 _aBuenos Aires
_bMunicipalidad de Malvinas Argentinas
_c[1999]
300 0 _a349 p.
_bil.
504 _aContiene referencias bibliográficas
650 4 _aHISTORIA DE BUENOS AIRES
650 4 _aMUNICIPIOS
650 4 _aFUNDACION DE CIUDADES ARGENTINAS
710 2 _aComisión Municipal de Estudios Históricos de Malvinas Argentinas
942 _cBK
998 _cNancy
999 _c21644
_d21644